=LDR 00000nam 2200000 4500 =001 NUTBA000000000003225 =005 20140807153510.0 =006 =007 =008 =020 ##$$a 978-602 8 519 144 =035 ##$$a 0010-081400000000069 =040 ##$$a NBPDMAT =082 ##$$a 372.3 =090 ##$$a 372.3 $b Eul p =100 ##$$a Eulis Siti Nurlelah =245 ##$$a Pokoknya bilangan / $c penulis, Eulis Siti Nurelah =260 ##$$a Jakarta : $b Ghira Walafa, $c 2011 =300 ##$$a 68 hlm. ; $c 21 cm. =650 ##$$a Matematika-SD =990 ##$$a 21404337 =990 ##$$a 0001/BPAP-NTB/20142014 =990 ##$$a 0001/BPAP-NTB/20142014 =990 ##$$a 0001/BPAP-NTB/20142014 =990 ##$$a 0001/BPAP-NTB/20142014